Dibujo en Chile 1797-1991: variaciones epistemológicas, aplicaciones profesionales

Zapisane w:
Opis bibliograficzny
Główni autorzy: Villegas Vergara, Ignacio (Autor), Camhi Jacard, Bárbara (Autor), Espinoza Guerra, Danilo (Autor)
Kolejni autorzy: Navarrete, Carlos (autor)
Format: Książka
Język:hiszpański
Wydane: Santiago Lom 2017
Wydanie:1a. ed
Hasła przedmiotowe:
Etykiety: Dodaj etykietę
Nie ma etykietki, Dołącz pierwszą etykiete!

MARC

LEADER 00000cam a2200000 a 4500
001 UCC2786
003 CL-VaPUC
008 180323e20170000cl |||||||||||||||||spa|d
020 |a 978956000234 
082 0 4 |a 741.923  |b VIL  |2 21 
100 0 |a Villegas Vergara, Ignacio  |e author  |9 596805 
700 |a Navarrete, Carlos  |e autor  |9 497059 
700 0 |a Camhi Jacard, Bárbara  |e author  |9 596806 
700 0 |a Espinoza Guerra, Danilo  |e author  |9 596807 
245 1 0 |a Dibujo en Chile 1797-1991: variaciones epistemológicas, aplicaciones profesionales 
250 |a 1a. ed 
300 |a 185 p 
942 |c BK 
945 |d 20180323 15:33:00  |a dcastane 
260 |a Santiago  |b Lom  |c 2017 
650 0 |a Dibujos  |9 264123 
650 0 |a Artes gráficas  |9 265865 
650 0 |a Historia del arte  |9 314877 
583 |a last modification  |c 20180323 15:33:00  |k Rodrigo Vera 
999 |c 370739  |d 370737 
952 |0 0  |1 0  |3 erb  |4 0  |6 741_923000000000000_VIL_2017  |7 0  |8 A  |9 487342  |a BIBART  |b BIBART  |i 5458587  |o 741.923 VIL 2017  |p 5458587  |r 2025-03-13  |w 2019-11-24  |y BK  |z Catalogado en:20180323  |k ART